Orthodoxy and nationality : Andreiu Saguna and the Rumanians of Transylvania, 1846-1873
Αποθηκεύτηκε σε:
| Κύριος συγγραφέας: | |
|---|---|
| Μορφή: | Βιβλίο |
| Γλώσσα: | English |
| Δημοσίευση: |
Cambridge :
Harvard University Press,
1977
|
| Σειρά: | Harvard historical studies ;
; 94 |
| Θέματα: | |
| Ετικέτες: |
Προσθήκη ετικέτας
Δεν υπάρχουν, Καταχωρήστε ετικέτα πρώτοι!
|
MARC
| LEADER | 00000nam a2200000 i 4500 | ||
|---|---|---|---|
| 001 | 1/8518 | ||
| 008 | 961105s1977 eng d | ||
| 020 | |a 0-674-64491-3 | ||
| 035 | |l 10017122 | ||
| 040 | |a GR-MY-UA |b gre |e aacr | ||
| 041 | 0 | |a eng | |
| 082 | 0 | |a 949.84 | |
| 100 | 1 | |a Hitchins, Keith |d 1931- | |
| 245 | 1 | 0 | |a Orthodoxy and nationality : |b Andreiu Saguna and the Rumanians of Transylvania, 1846-1873 / |c Keith Hitchins |
| 260 | |a Cambridge : |b Harvard University Press, |c 1977 | ||
| 300 | |a 332 p. | ||
| 490 | 1 | |a Harvard historical studies |v ; 94 | |
| 504 | |a Includes bibliographical references and index | ||
| 600 | 1 | 0 | |a Saguna Andrei |d 1809-1873. |
| 610 | 1 | 0 | |a Biserica Ortodoxa Romna |x History. |
| 650 | 0 | 0 | |a Romanians in Transylvania |x History. |
| 651 | 0 | |a Transylvania (Romania) |x History. | |
| 830 | 0 | |a Harvard historical studies ; |v ; 94 | |
| 852 | |a INST |b LESVOS |e 19961105 |h 948.84 HIT |p 005100012620 |q 005100012620 |t BK |y 0 | ||
| 909 | |a Λ |b 048717 | ||